THE READERS DIGEST GREAT ENCYCLOPADIC DICTIONARY(A-Z) (Record no. 20806)

MARC details
000 -LEADER
fixed length control field 00322nam a22001337a 4500
003 - CONTROL NUMBER IDENTIFIER
control field SGT
082 ## - DEWEY DECIMAL CLASSIFICATION NUMBER
Classification number 423
Item number OXF
100 ## - MAIN ENTRY--PERSONAL NAME
Personal name OXFORD UNIVERSITY PRESS
245 ## - TITLE STATEMENT
Title THE READERS DIGEST GREAT ENCYCLOPADIC DICTIONARY(A-Z)
250 ## - EDITION STATEMENT
Edition statement 1
260 ## - PUBLICATION, DISTRIBUTION, ETC. (IMPRINT)
Place of publication, distribution, etc LONDON
Name of publisher, distributor, etc OXFORD UNIVERSITY PRESS
Year of Publication 1962
300 ## - PAGE DESCRIPTION
No. of Pages 528
942 ## - ADDED ENTRY ELEMENTS (KOHA)
Source of classification or shelving scheme Dewey Decimal Classification
Koha item type Books
Holdings
Withdrawn status Lost status Source of classification or shelving scheme Damaged status Not for loan Collection code Home library Current library Shelving location Date acquired Volume Information (Serial or Books or Non-Book Material) SGTU Total Checkouts Full call number Accession No. (Barcode) Date last seen Bill Date Koha item type
    Dewey Decimal Classification     LAW SGT Science & Social Sciences Library SGT Science & Social Sciences Library Dictionary 20/02/2021 1 SGTU   423 OXF FL2507 20/02/2021 20/02/2021 Books
    Dewey Decimal Classification     LAW SGT Science & Social Sciences Library SGT Science & Social Sciences Library Dictionary 20/02/2021 II SGTU   423 OXF FL2508 20/02/2021 20/02/2021 Books
    Dewey Decimal Classification     LAW SGT Science & Social Sciences Library SGT Science & Social Sciences Library Dictionary 20/02/2021 III SGTU   423 OXF FL2509 20/02/2021 20/02/2021 Books